|
|
|
|
| LEADER |
00000nam0a2200000 4500 |
| 001 |
196437 |
| 005 |
20231101224707.0 |
| 010 |
|
|
|a 9785982670403
|
| 035 |
|
|
|a (RuTPU)RU\TPU\book\214302
|
| 035 |
|
|
|a RU\TPU\book\103555
|
| 090 |
|
|
|a 196437
|
| 100 |
|
|
|a 20110524d2008 k y0rusy50 ca
|
| 101 |
0 |
|
|a rus
|
| 102 |
|
|
|a RU
|
| 105 |
|
|
|a a l 000zy
|
| 200 |
1 |
|
|a Здания жилые и общественные. Нормы воздухообмена
|e стандарт АВОК 2.1-2008
|f Ассоциация инженеров по отоплению, вентиляции, кондиционированию воздуха, теплоснабжению и строительной теплофизике (АВОК)
|
| 210 |
|
|
|a Москва
|c Авок-Пресс
|d 2008
|
| 215 |
|
|
|a 11 с.
|c ил.
|
| 300 |
|
|
|a Утвержден и введен в действие постановлением бюро президиума НП "АВОК" от 9 июня 2004 г.
|
| 606 |
1 |
|
|a Здания и постройки
|x Воздушный режим
|2 stltpush
|3 (RuTPU)RU\TPU\subj\11560
|9 38481
|
| 610 |
1 |
|
|a жилые здания
|
| 610 |
1 |
|
|a помещения
|
| 610 |
1 |
|
|a воздухообмен
|
| 610 |
1 |
|
|a удельные показатели
|
| 610 |
1 |
|
|a загрязняющие вещества
|
| 610 |
1 |
|
|a допустимые концентрации
|
| 610 |
1 |
|
|a расчет
|
| 610 |
1 |
|
|a стандарты
|
| 675 |
|
|
|a 697.95(083.74)
|v 3
|
| 712 |
0 |
2 |
|a Ассоциация инженеров по отоплению, вентиляции, кондиционированию воздуха, теплоснабжению и строительной теплофизике (АВОК)
|c (Москва)
|2 stltpush
|3 (RuTPU)RU\TPU\col\30
|
| 801 |
|
1 |
|a RU
|b 63413507
|c 20060517
|g PSBO
|
| 801 |
|
2 |
|a RU
|b 63413507
|c 20121203
|g PSBO
|
| 942 |
|
|
|c BK
|
| 959 |
|
|
|a 34/20060516
|d 1
|e 110,00
|f НФ:1
|